<Le> débat autour de la politique commerciale stratégique.

Strategická obchodná politika vo svetovom obchode. Odhalenia stratégie obchodnej politiky. Hra so subvenciami. Otázka externality. Konkurenčný boj medzi Boeingom 767 a Airbusom A 300. Boj proti kontrole komputerovej pamäti 16 K RAM a 256 K. Pomerné výhody voľnej výmeny tovarov. (The Economist 1990,...

Full description

Saved in:
Bibliographic Details
Main Author: Crook, C.
Format: Book Chapter
Language:French
Subjects:
Tags: Add Tag
No Tags, Be the first to tag this record!

MARC

LEADER 00000naa a2200000 4500
001 r004649
005 20221125091555.5
041 0 |a fre 
044 |a FR 
245 1 0 |a <Le> débat autour de la politique commerciale stratégique.  |c C. Crook 
520 |a Strategická obchodná politika vo svetovom obchode. Odhalenia stratégie obchodnej politiky. Hra so subvenciami. Otázka externality. Konkurenčný boj medzi Boeingom 767 a Airbusom A 300. Boj proti kontrole komputerovej pamäti 16 K RAM a 256 K. Pomerné výhody voľnej výmeny tovarov. (The Economist 1990, 22.9.). 
610 2 0 |a politika obchodná 
610 2 0 |a obchod svetový 
610 2 0 |a subvencie 
610 2 0 |a konkurencia 
610 2 0 |a externality 
100 1 |a Crook, C.